भास्करांशपुरूषप्रोक्त सूर्यसिद्धान्त/ (Record no. 148416)
[ view plain ]
| 000 -LEADER | |
|---|---|
| fixed length control field | 01049nam a22002177a 4500 |
| 005 - DATE AND TIME OF LATEST TRANSACTION | |
| control field | 20231229111858.0 |
| 010 ## - LCCN (DPL NO) | |
| LC control number | HIN-113191-92 |
| 020 ## - INTERNATIONAL STANDARD BOOK NUMBER | |
| Terms of availability | 1800.00 (vol 1-2) |
| International Standard Book Number | 9789380943114 |
| 020 ## - INTERNATIONAL STANDARD BOOK NUMBER | |
| International Standard Book Number | 9789380943121 |
| 020 ## - INTERNATIONAL STANDARD BOOK NUMBER | |
| International Standard Book Number | 9789380943138 (सैट) |
| 035 ## - SYSTEM CONTROL NUMBER | |
| System control number | HN-85536,HN-85538 |
| 037 ## - SOURCE OF ACQUISITION | |
| Source of stock number/acquisition | DBAD/PUB |
| 082 ## - DEWEY DECIMAL CLASSIFICATION NUMBER | |
| Classification number | 921 |
| 100 ## - MAIN ENTRY--PERSONAL NAME | |
| Personal name | श्रीवास्तव,महावीर प्रसाद |
| 245 ## - TITLE STATEMENT | |
| Title | भास्करांशपुरूषप्रोक्त सूर्यसिद्धान्त/ |
| Statement of responsibility, etc | महावीर प्रसाद श्रीवास्तव |
| 260 ## - PUBLICATION, DISTRIBUTION, ETC. (IMPRINT) | |
| Place of publication, distribution, etc | दिल्ली |
| Name of publisher, distributor, etc | आर्यावर्त संस्कृति संस्थान |
| Date of publication, distribution, etc | 2017 |
| 270 ## - ADDRESS | |
| Address | डी-48, गली नं-3, दयालपुर, करावल नगर रोड |
| City | दिल्ली |
| Postal code | 110094 |
| 300 ## - PHYSICAL DESCRIPTION | |
| Extent | दो भाग (552,496)पृ. |
| Dimensions | 23 सेमी.(सजिल्द) |
| 490 ## - SERIES STATEMENT | |
| Volume number/sequential designation | vol I-2 |
| 942 ## - ADDED ENTRY ELEMENTS (KOHA) | |
| Source of classification or shelving scheme | Dewey Decimal Classification |
| Item type | Hindi Books |
| Classification part | 921 |
| Call number suffix | श्रीवास्त |
| Withdrawn status | Lost status | Materials specified (bound volume or other part) | Not for loan | Collection code | Home library | Current library | Date acquired | Source of acquisition | Cost, normal purchase price | Full call number | Barcode | Copy number | Cost, replacement price | Koha item type |
|---|---|---|---|---|---|---|---|---|---|---|---|---|---|---|
| V-1 | Non-fiction | Sarojini Nagar | Sarojini Nagar | 23/12/2017 | DBAD/PUB | 900.00 | 921 श्रीवास्त | HN-85537 | 1 | 900.00 | Hindi Books | |||
| V-2 | Non-fiction | Sarojini Nagar | Sarojini Nagar | 23/12/2017 | DBAD/PUB | 900.00 | 921 श्रीवास्त | HN-85538 | 1 | 900.00 | Hindi Books |
